| 000 | 01076nam a2200301 i 4500 | ||
|---|---|---|---|
| 003 | DO-SdBNP | ||
| 005 | 20260128085227.0 | ||
| 007 | ta | ||
| 008 | 240808t2003 xxu||||| |||| 00| e spa d | ||
| 020 | _a97293053092 | ||
| 040 |
_aDO-SdBNP _bspa _cBNPHU _erda |
||
| 041 | 1 | 7 | _aeng |
| 082 | 4 |
_axxx _bT938f _222 |
|
| 100 | 1 |
_aLee Turits, Richard, _eautor _4aut. _986252 |
|
| 245 | 1 | 0 |
_aFoundations of despotism : _bpasants, the Trujillo regime, and modernity in Dominican history / _cRichard Lee Turits. |
| 264 | 4 |
_aStanford, California : _bStanford University Press, _c©2003. |
|
| 300 |
_a384 páginas : _c24 cm. |
||
| 336 |
_atexto _btxt _2rdacontent |
||
| 337 |
_asin mediación _bn _2rdamedia |
||
| 338 |
_avolumen _bnc _2rdacarrier |
||
| 500 | _aIncluye índice. | ||
| 504 | _aBibliografía : páginas 263 - 384. | ||
| 590 | _aInventariado 2024 / MF | ||
| 600 | 1 | 4 |
_aTrujillo Molina, Rafael Leónidas, _d 1891-1961 _976764 |
| 650 | 4 |
_aRepública Dominicana _xActividad económica _946565 |
|
| 651 | 4 |
_aRepública Dominicana _xHistoria _y1930-1961 _929023 |
|
| 942 |
_2ddc _cLBS1 |
||
| 999 |
_c57392 _d57392 |
||